Statistiques concernant Pays par population

Cliquez ici pour prendre le quiz!

Statistiques générales

  • Ce quiz a été pris 101 fois
  • Le résultat moyen est 54 sur 197

Statistiques - réponses

#PopulationContinentRéponse% Correct
11 400 050 000AsieChine
98%
3332 639 000AmériqueÉtats-Unis
98%
21 373 055 000AsieInde
98%
5211 755 692AmériqueBrésil
92%
4271 066 400AsieIndonesie
88%
7206 140 000AfriqueNigeria
80%
9146 748 590Asie/EuropeRussie
80%
10127 792 286AmériqueMexique
76%
11126 010 000AsieJapon
73%
6207 774 520AsiePakistan
69%
8165 570 000AsieBangladesh
67%
12114 964 000AfriqueÉthiopie
65%
2067 064 000EuropeFrance
65%
1883 149 300EuropeAllemagne
63%
2166 436 000EuropeRoyaume-Uni
59%
2360 317 000EuropeItalie
57%
1689 561 000AfriqueRépublique démocratique du Congo
55%
14102 334 000AfriqueÉgypte
53%
13109 581 000AsiePhilippines
53%
3047 100 396EuropeEspagne
51%
3145 376 763AmériqueArgentine
49%
197453EuropeVatican
49%
2266 413 979AsieThaïlande
47%
3441 710 267EuropeUkraine
47%
1594 666 000AsieVietnam
47%
1783 993 000AsieIran
45%
1982 579 000AsieTurquie
45%
2850 911 747AmériqueColombie
43%
3738 386 000EuropePologne
43%
19610 645OcéanieTuvalu
43%
2558 775 022AfriqueAfrique du Sud
41%
19238 100EuropeMonaco
41%
19511 000OcéanieNauru
41%
19333 572EuropeSaint-Marin
41%
5525 464 116OcéanieAustralie
39%
2751 780 000AsieCorée du Sud
39%
2459 734 000AfriqueTanzanie
39%
3243 900 000AfriqueAlgérie
37%
3837 894 799AmériqueCanada
37%
19418 000OcéaniePalaos
37%
2654 410 000AsieBirmanie
35%
19138 378EuropeLiechtenstein
35%
18776 177EuropeAndorre
33%
4332 625 948AmériquePérou
33%
2947 564 300AfriqueKenya
31%
18959 000OcéanieMarshall
31%
6817 282 163EuropePays-Bas
31%
19053 000AmériqueSaint-Christophe-et-Niévès
31%
6119 458 310AmériqueChili
29%
165626 100EuropeLuxembourg
29%
170493 559EuropeMalte
29%
988 947 000OcéaniePapouasie-Nouvelle-Guinée
29%
6219 405 000EuropeRoumanie
29%
3342 430 600AfriqueSoudan
29%
183106 000OcéanieTonga
29%
4034 218 169AsieArabie saoudite
27%
6617 510 643AmériqueÉquateur
27%
181113 000AmériqueGrenade
27%
3640 150 200AsieIrak
27%
174364 134EuropeIslande
27%
3935 952 000AfriqueMaroc
27%
1215 002 100OcéanieNouvelle-Zélande
27%
3541 583 600AfriqueOuganda
27%
182110 608AmériqueSaint-Vincent-et-les-Grenadines
27%
8111 455 519EuropeBelgique
25%
18872 000AmériqueDominique
25%
159884 887OcéanieFidji
25%
7314 901 286AmériqueGuatemala
25%
1501 795 666EuropeKosovo
25%
4232 680 000AsieMalaisie
25%
8910 276 617EuropePortugal
25%
5028 436 066AmériqueVenezuela
25%
4531 127 674AfriqueAngola
24%
18598 093AmériqueAntigua-et-Barbuda
24%
173389 410AmériqueBahamas
24%
929 772 756EuropeHongrie
24%
1491 919 968EuropeLettonie
24%
166622 182EuropeMonténégro
24%
8610 649 800EuropeRépublique tchèque
24%
179177 301AmériqueSainte-Lucie
24%
164694 619OcéanieSalomon
24%
178202 506OcéanieSamoa
24%
177210 240AfriqueSao Tomé-et-Principe
24%
18698 055AfriqueSeychelles
24%
1462 080 908EuropeSlovénie
24%
9010 230 185EuropeSuède
24%
175307 000OcéanieVanuatu
24%
998 858 775EuropeAutriche
22%
172408 487AmériqueBelize
22%
939 413 446EuropeBiélorussie
22%
8011 633 371AmériqueBolivie
22%
161870 000AfriqueComores
22%
8311 280 651AmériqueCuba
22%
8510 724 599EuropeGrèce
22%
180119 000OcéanieKiribati
22%
1472 077 132EuropeMacédoine
22%
184104 650OcéanieMicronésie
22%
1185 367 580EuropeNorvège
22%
4133 724 900AsieOuzbékistan
22%
8810 448 499AmériqueRépublique dominicaine
22%
1175 450 421EuropeSlovaquie
22%
1008 603 900EuropeSuisse
22%
4432 225 560AsieAfghanistan
20%
1511 503 091AsieBahreïn
20%
171459 500AsieBrunei
20%
1057 000 039EuropeBulgarie
20%
7215 288 489AsieCambodge
20%
5326 133 035AfriqueCameroun
20%
5126 453 542AfriqueCôte d'Ivoire
20%
1541 324 820EuropeEstonie
20%
4630 280 482AfriqueGhana
20%
163744 962AmériqueGuyana
20%
8211 403 000AmériqueHaïti
20%
949 304 380AmériqueHonduras
20%
1402 726 667AmériqueJamaïque
20%
1561 265 475AfriqueMaurice
20%
4730 066 648AfriqueMozambique
20%
7612 374 397AfriqueRwanda
20%
7016 209 125AfriqueSénégal
20%
1066 963 764EuropeSerbie
20%
7115 893 000AfriqueSomalie
20%
5821 413 000AsieSri Lanka
20%
167590 100AmériqueSuriname
20%
5723 600 903AsieTaïwan
20%
1531 399 000AmériqueTrinité et Tobago
20%
1372 862 427EuropeAlbanie
18%
176287 000AmériqueBarbade
18%
162748 931AsieBhoutan
18%
1343 492 018EuropeBosnie-Herzégovine
18%
7712 309 600AfriqueBurundi
18%
169556 857AfriqueCap-Vert
18%
5425 779 000AsieCorée du Nord
18%
1195 111 238AmériqueCosta Rica
18%
1135 806 081EuropeDanemark
18%
1165 517 919EuropeFinlande
18%
1481 968 000AfriqueGuinée-Bissau
18%
6318 632 200AsieKazakhstan
18%
1382 794 184EuropeLituanie
18%
5226 251 309AfriqueMadagascar
18%
168557 427AsieMaldives
18%
5920 251 000AfriqueMali
18%
1096 625 000AmériqueNicaragua
18%
1037 252 672AmériqueParaguay
18%
1106 486 000AmériqueSalvador
18%
7911 722 038AfriqueTunisie
18%
1333 530 912AmériqueUruguay
18%
4929 826 000AsieYémen
18%
160875 899EuropeChypre
16%
1155 518 000AfriqueCongo
16%
1284 076 246EuropeCroatie
16%
158962 451AfriqueDjibouti
16%
959 304 277AsieÉmirats arabes unis
16%
1521 403 000AfriqueGuinée équatoriale
16%
1234 904 240EuropeIrlande
16%
979 152 100AsieIsraël
16%
1442 142 000AfriqueLesotho
16%
5624 207 000AfriqueNiger
16%
6916 244 513AfriqueTchad
16%
1551 318 000AsieTimor oriental
16%
6418 384 000AfriqueZambie
16%
7414 863 000AfriqueZimbabwe
16%
919 981 500AsieAzerbaïdjan
14%
7812 114 193AfriqueBénin
14%
6020 244 080AfriqueBurkina Faso
14%
1571 160 000AfriqueEswatini
14%
1432 226 000AfriqueGabon
14%
1422 417 000AfriqueGambie
14%
7512 559 623AfriqueGuinée
14%
1076 871 000AfriqueLibye
14%
6517 563 749AfriqueMalawi
14%
1313 547 539EuropeMoldavie
14%
1412 504 498AfriqueNamibie
14%
4829 996 478AsieNépal
14%
1274 278 500AmériquePanama
14%
6717 501 000AsieSyrie
14%
1362 965 269AsieArménie
12%
1452 154 863AfriqueBotswana
12%
1116 389 500AsieKirghizistan
12%
1047 013 000AsieLaos
12%
1205 058 000AfriqueLibéria
12%
1353 238 479AsieMongolie
12%
1017 977 000AfriqueSierra Leone
12%
8411 194 000AfriqueSoudan du Sud
12%
969 127 000AsieTadjikistan
12%
1027 706 000AfriqueTogo
12%
1126 031 000AsieTurkménistan
12%
1323 546 000AfriqueÉrythrée
10%
8710 554 000AsieJordanie
10%
1264 420 110AsieKoweït
10%
1086 825 000AsieLiban
10%
1293 900 000AfriqueMauritanie
10%
1254 700 000AsieOman
10%
1392 782 106AsieQatar
10%
1244 830 000AfriqueRépublique centrafricaine
10%
1145 703 600AsieSingapour
10%
1303 716 900AsieGéorgie
8%
1224 976 684AsiePalestine
6%

Distribution des résultats

Percentile par nombre de réponses

% des personnes avec chaque résultat

Votre développement - résultats

Vous n’avez pas pris ce quiz